| 000 | 00555nam a2200193 i 4500 | ||
|---|---|---|---|
| 001 | 89116 | ||
| 003 | ES-MaACL | ||
| 005 | 20231013063114.0 | ||
| 007 | t| | ||
| 008 | 050201s2004 sp ||||1| spa d | ||
| 020 | _a84-204-6717-0 | ||
| 080 | _a821.134.2-31"19" | ||
| 100 | 1 |
_aPérez-Reverte, Arturo, _d1951- _9226783 |
|
| 245 | 1 | 0 |
_aCabo Trafalgar _b: un relato naval / _cArturo Pérez-Reverte. |
| 260 |
_a[Madrid] : _bAlfaguara, _c2004. |
||
| 300 |
_a269 p. ; _c22 cm. |
||
| 852 |
_aES-MaACL _jL-28753 _bR.135127 |
||
| 999 |
_c89116 _d89116 |
||